000
00301pam a2200133 a 4500
020
_c
041
_h
082
_a
741.235
_b
EVA
100
_a
Margaret Evans .
245
_a
Pastels Unleashed
_h
Textual Documents
260
_a
[s.l]:
_b
Search Press,
_c
2014.
300
_a
144:
_b
paper.
930
_a
7982
999
_c
241772
_d
241772